000 00495nam a2200181Ia 4500
999 _c1924
_d1924
003 OSt
005 20200930111128.0
008 190216s9999||||xx |||||||||||||| ||und||
020 _a9789352128419
040 _coclc
082 _a580
_bCHO/G
100 _aCholayil, Pradeep
_95184
245 0 _aGreen Passion /
_cPradeep Cholayil
250 _a1st Ed.
260 _bCholayil Private Ltd,
_c2015.
_aChennai:
300 _a415p
942 _cBK
_2ddc
_h580
_iCHO/G
_k580
_mCHO/G